h1

h2

h3

h4

h5
h6
000561501 001__ 561501
000561501 005__ 20250708135454.0
000561501 037__ $$aRWTH-2015-06912
000561501 041__ $$aGerman
000561501 1001_ $$0P:(DE-82)IDM01063$$aMeyer-Kirschner, Julian$$b0$$urwth
000561501 1112_ $$aProcessNet-Jahrestagung$$cAachen$$d2014-09-30 - 2014-10-02$$wGermany
000561501 245__ $$aPolymerisationsverfolgung via modellgestützter Auswertung von in-line Raman-Spektroskopie und des elastisch gestreuten Lichts$$hdata medium
000561501 260__ $$c2014
000561501 3367_ $$2DRIVER$$aconferenceObject
000561501 3367_ $$033$$2EndNote$$aConference Paper
000561501 3367_ $$0PUB:(DE-HGF)6$$2PUB:(DE-HGF)$$aConference Presentation$$bconf$$mconf
000561501 3367_ $$2BibTeX$$aINPROCEEDINGS
000561501 3367_ $$2DataCite$$aOther
000561501 3367_ $$2ORCID$$aLECTURE_SPEECH
000561501 5203_ $$lger
000561501 520__ $$leng
000561501 7001_ $$0P:(DE-82)IDM00357$$aViell, Jörn$$b1
000561501 7001_ $$0P:(DE-82)IDM00429$$aKather, Michael$$b2
000561501 7001_ $$0P:(DE-82)IDM00066$$aPich, Andrij$$b3$$urwth
000561501 7001_ $$0P:(DE-82)IDM00369$$aMitsos, Alexander$$b4$$urwth
000561501 7112_ $$a31. DECHEMA-Jahrestagung der Biotechnologen 2014$$cAachen$$d2014-09-30 - 2014-10-02$$wGermany
000561501 909CO $$ooai:publications.rwth-aachen.de:561501$$pVDB
000561501 9101_ $$0I:(DE-HGF)0$$6P:(DE-HGF)0$$aRWTH Aachen University, AVT.Process Systems Engineering$$b0
000561501 9101_ $$0I:(DE-HGF)0$$6P:(DE-82)IDM00357$$aRWTH Aachen University, AVT.Process Systems Engineering$$b1
000561501 9101_ $$0I:(DE-HGF)0$$6P:(DE-82)IDM00369$$aRWTH Aachen University, AVT.Process Systems Engineering$$b4
000561501 9141_ $$y2014
000561501 9201_ $$0I:(DE-82)416710_20140620$$k416710$$lLehrstuhl für Systemverfahrenstechnik$$x0
000561501 9201_ $$0I:(DE-82)154610_20140620$$k154610$$lLehrstuhl für Textilchemie und Makromolekulare Chemie$$x1
000561501 9201_ $$0I:(DE-82)150000_20140620$$k150000$$lFachgruppe Chemie$$x2
000561501 961__ $$c2015-11-25T11:57:29.135460$$x2015-11-25T11:57:29.135460$$z2015-11-26
000561501 980__ $$aconf
000561501 980__ $$aUNRESTRICTED
000561501 980__ $$aVDB
000561501 980__ $$aI:(DE-82)416710_20140620
000561501 980__ $$aI:(DE-82)154610_20140620
000561501 980__ $$aI:(DE-82)150000_20140620